Groupe de 6 - Quiz - Statistiques

Statistiques générales
  • Ce quiz a été pris 1 454 fois
    1 343 depuis la dernière actualisation
  • Le résultat moyen est 29 sur 54
Statistiques - réponses
Groupe Réponse % Correct
Langues officielles de l'ONU Anglais
97%
Langues officielles de l'ONU Français
96%
Pays fondateurs de l'UE France
95%
Pays fondateurs de l'UE Italie
94%
Ingrédients des crêpes Farine
93%
Pièces d'un jeu d'échec Roi
93%
Pays fondateurs de l'UE Allemagne
90%
Langues officielles de l'ONU Espagnol
90%
Ingrédients des crêpes Oeuf
90%
Ingrédients des crêpes Sucre
88%
Pièces d'un jeu d'échec Cavalier
85%
Pièces d'un jeu d'échec Pion
85%
Ingrédients des crêpes Lait
84%
Pièces d'un jeu d'échec Tour
84%
Langues officielles de l'ONU Chinois
83%
Pièces d'un jeu d'échec Fou
82%
Pays fondateurs de l'UE Belgique
81%
Pièces d'un jeu d'échec Dame
74%
Langues officielles de l'ONU Russe
69%
Plus long fleuve par continent Nil
68%
Prix Nobel Paix
68%
Pays fondateurs de l'UE Pays-Bas
67%
Ingrédients des crêpes Beurre/Huile
61%
Pays fondateurs de l'UE Luxembourg
61%
Langues officielles de l'ONU Arabe
60%
Prix Nobel Physique
59%
Prix Nobel Littérature
58%
Plus long fleuve par continent Amazone
56%
Prix Nobel Chimie
54%
Capitales commençant par un R Rome
48%
Ingrédients des crêpes Sel
48%
Départements de la région PACA Var
42%
Capitales commençant par un R Riga
41%
Départements de la région PACA Bouches-du-Rhône
40%
Capitales commençant par un R Reykjavik
39%
Départements de la région PACA Alpes-Maritimes
38%
Plus long fleuve par continent Mississippi/Missouri
36%
Départements de la région PACA Vaucluse
32%
Départements de la région PACA Alpes-de-Haute-Provence
29%
Départements de la région PACA Hautes-Alpes
29%
Capitales commençant par un R Rabat
29%
Plus long fleuve par continent Volga
28%
Monarchies absolues Arabie Saoudite
23%
Prix Nobel Médecine ou physiologie
23%
Prix Nobel Economie
20%
Monarchies absolues Qatar
18%
Capitales commençant par un R Riyad
18%
Monarchies absolues Brunei
17%
Monarchies absolues Oman
14%
Monarchies absolues Vatican
12%
Monarchies absolues Eswatini
8%
Capitales commençant par un R Roseau
5%
Plus long fleuve par continent Yangzi Jiang
5%
Plus long fleuve par continent Murray
3%
Aucun quiz correspondant
Distribution des résultats
% des personnes avec chaque résultat
Percentile par nombre de réponses
Votre historique - résultats
Vous n’avez pas pris ce quiz depuis la dernière actualisation